| 000 | 00669nam a22002297a 4500 | ||
|---|---|---|---|
| 003 | OSt | ||
| 005 | 20140310182330.0 | ||
| 008 | 130313t xxu||||| |||| 00| 0 eng d | ||
| 020 | _a1854342258 | ||
| 050 |
_aTJ 147 _b.B315 1993 |
||
| 082 |
_aGS 621.8 _bBa17 1993 |
||
| 100 |
_aBaker, Wendy _921394 |
||
| 245 |
_aMachines / _cWendy Baker & Andrew Haslam |
||
| 260 |
_aLondon : _bTwo-Can Publishing Ltd., _c1993. |
||
| 300 |
_a48 p. : _bcol. ill. ; _c27 cm. |
||
| 440 |
_aMake it work! _921398 |
||
| 600 |
_aGlover, David _921395 |
||
| 650 |
_aMachinery. _921396 |
||
| 650 |
_aMachnery _xDesign and construction. _921397 |
||
| 942 |
_2lcc _cBK-GS |
||
| 999 |
_c11974 _d11974 |
||